01666nabaa22002177a 4500999001500000003000400015005001700019008004100036040000700077100003000084245011900114300001300233500003700246505083400283505008901117650003201206650003701238650003901275773012101314942001301435 c6153d6153OSt20260123194243.0190701b xxu||||| |||| 00| 0 spa d cPJ 93697aMassimino, Leonardo10aResponsabilidad del Estado por la dilación indebida de los procedimientos administrativos /cLeonardo Massimino. ap. 64-77 aCita: TR LALEY AR/DOC/3180/2023  a Sumario: I. Planteo.— II. Los casos de aplicación. Ejemplos.— III. El derecho a una buena administración. Una administración eficiente.— IV. Los antecedentes en la actividad judicial. Caso "Poggio".— V. La responsabilidad por dilación de la actividad administrativa. Replanteo.— VI. Los presupuestos básicos de la atribución de responsabilidad del Estado por demora indebida en la actuación administrativa.— VII. La responsabilidad de los funcionarios y empleados por daños que por sus hechos, actos u omisiones generen a la hacienda pública.— VIII. El funcionamiento anormal del servicio. La falta personal de los funcionarios.— IX. El daño resarcible.— X. Los diferentes perjuicios y costos derivados de la dilación de los procedimientos administrativos.— XI. A modo de conclusión.  t¿Te interesa el texto completo? Comunicate al correo: koha@justierradelfuego.gov.ar 09211aDERECHO ADMINISTRATIVO 091215aRESPONSABILIDAD DEL ESTADO 091135aPROCEDIMIENTO ADMINISTRATIVO0 0284293251dBuenos Aires : AbeledoPerrot, 2012-oDA121tDerecho administrativo. Nº 151 enero/febrero 2024z18510590 2udccANA